00159 a2200073 45000010005000001000012000052450047000172600021000647076 aShahane aSolution of problems in theory of machines abAllies poonec